[Event "zonal 1.6 (w)"]
[Site "Oryol RUS"]
[Date "1995.??.??"]
[Round "1"]
[White "Kovalevskaya, Ekaterina"]
[Black "Shumiakina, Tatiana"]
[Result "0-1"]
[WhiteElo "2370"]
[BlackElo "2350"]
[EventDate "1995.??.??"]
[PlyCount "138"]

1.e4 c5 2.Nc3 e6 3.g3 d5 4.exd5 exd5 5.Bg2 Nf6 6.Nge2 Nc6 7.d4 cxd4 8.Nxd4
Bc5 9.Qe2+ Be7 10.Be3 O-O 11.O-O Re8 12.Qb5 Bd7 13.Qxb7 Nb4 14.a3 Rb8 15.
Qxa7 Ra8 16.axb4 Rxa7 17.Rxa7 Qb8 18.Rfa1 Qxb4 19.Nxd5 Nxd5 20.Bxd5 Qxb2 
21.Ra8 Bf8 22.Kg2 h5 23.Rxe8 Qxa1 24.Rd8 Qa4 25.h4 Be8 26.Bb3 Bc6+ 27.Kh2 
Qa6 28.Nf5 Kh7 29.Nd4 Be7 30.Nxc6 Qxc6 31.Rd4 Bf6 32.Ra4 Be5 33.Ra7 Qe4 
34.Rxf7 Qxh4+ 35.Kg2 Qe4+ 36.Kf1 Bxg3 37.fxg3 Qxe3 38.Kg2 Qe2+ 39.Rf2 Qe4+
40.Kg1 Qg4 41.Kh2 h4 42.gxh4 Qxh4+ 43.Kg2 Qe4+ 44.Kh2 Kh6 45.Bf7 Kg5 46.c4
Kh4 47.Bd5 Qe3 48.Kg2 g5 49.Rf3 Qd2+ 50.Rf2 Qe1 51.Rf7 Qb1 52.Rf8 Qb2+ 53.
Rf2 Qd4 54.Rf7 g4 55.Rh7+ Kg5 56.Rf7 Qc3 57.Rf2 Kh4 58.Rf7 Qh3+ 59.Kg1 Kg3
60.Rf2 Qh8 61.Rg2+ Kf4 62.Rf2+ Ke3 63.Rf7 Qh4 64.Rf8 g3 65.Kf1 Kd2 66.Rf7 
Qh3+ 67.Bg2 Qe6 68.Bd5 Qe2+ 69.Kg1 Ke1 0-1

[Event "zonal 1.6 (w)"]
[Site "Oryol RUS"]
[Date "1995.??.??"]
[Round "1"]
[White "Roschina, Tatiana"]
[Black "Zaitseva, Ludmila"]
[Result "1-0"]
[WhiteElo "2190"]
[BlackElo "2320"]
[EventDate "1995.??.??"]
[PlyCount "81"]

1.e4 c6 2.d4 d5 3.e5 Bf5 4.Nc3 h5 5.h4 e6 6.Be2 c5 7.Be3 Nc6 8.Nf3 c4 9.a3
Nh6 10.Qd2 a6 11.b3 cxb3 12.cxb3 Na5 13.Qb2 Rc8 14.Nd2 Ng4 15.b4 Nc4 16.
Nxc4 dxc4 17.Rd1 Nxe3 18.fxe3 Be7 19.g3 Qc7 20.Kf2 f6 21.e4 Bg6 22.exf6 
O-O 23.Kg2 Bxf6 24.Bf3 Rf7 25.Qe2 Rcf8 26.Rhf1 Be7 27.Qe3 a5 28.d5 axb4 
29.axb4 exd5 30.Nxd5 Qe5 31.Nf4 Bxh4 32.Rd5 Qf6 33.Nxg6 Bxg3 34.Nxf8 Bf4 
35.Qf2 Rxf8 36.Bxh5 Qe6 37.Qe2 c3 38.Bg4 Qg6 39.Kh3 Qh6+ 40.Rh5 Qc6 41.
Qa2+ 1-0

[Event "zonal 1.6 (w)"]
[Site "Oryol RUS"]
[Date "1995.??.??"]
[Round "1"]
[White "Styazhkina, Olga"]
[Black "Kulish, Irina"]
[Result "1/2-1/2"]
[WhiteElo "2355"]
[BlackElo "2245"]
[EventDate "1995.??.??"]
[PlyCount "42"]

1.e4 e5 2.Nf3 Nc6 3.d4 exd4 4.c3 d5 5.exd5 Qxd5 6.cxd4 Bg4 7.Nc3 Bb4 8.Be2
Bxf3 9.Bxf3 Qc4 10.Bxc6+ bxc6 11.Qe2+ Qxe2+ 12.Kxe2 O-O-O 13.Be3 Ne7 14.
Kd3 Nf5 15.Kc4 Be7 16.Rad1 Nxe3+ 17.fxe3 f5 18.Rhf1 g6 19.e4 fxe4 20.Nxe4 
Rhf8 21.Nc5 Bxc5 1/2-1/2

[Event "zonal 1.6 (w)"]
[Site "Oryol RUS"]
[Date "1995.??.??"]
[Round "1"]
[White "Strutinskaya, Galina"]
[Black "Minogina, Tamara"]
[Result "1/2-1/2"]
[WhiteElo "2290"]
[BlackElo "2240"]
[EventDate "1995.??.??"]
[PlyCount "88"]

1.d4 d5 2.c4 e6 3.Nc3 Be7 4.Qc2 Nf6 5.cxd5 exd5 6.Bg5 Nbd7 7.e3 Nf8 8.Bd3 
Ne6 9.Bh4 g6 10.h3 Ng7 11.g4 h5 12.Bg3 c6 13.g5 Nh7 14.Bxg6 Nxg5 15.Bd3 h4
16.Be5 f6 17.Bf4 Be6 18.O-O-O Qd7 19.Bg6+ Nf7 20.f3 Bf5 21.Bxf7+ Kxf7 22.
e4 Bh7 23.Qb3 Rad8 24.Nge2 Ne6 25.Be3 Qc7 26.Rd2 Rd7 27.Rg1 Rg8 28.Kd1 
Rxg1+ 29.Bxg1 Qa5 30.Bf2 f5 31.exd5 cxd5 32.Be3 Qb4 33.Qxb4 Bxb4 34.Nf4 
Nxf4 35.Bxf4 Bg6 36.Rg2 Be7 37.Be5 a6 38.Ke2 Bf6 39.f4 Bd8 40.Ke3 b5 41.
Nd1 Re7 42.Nf2 Re6 43.Nd3 Be7 44.Nc5 Rc6 1/2-1/2

[Event "zonal 1.6 (w)"]
[Site "Oryol RUS"]
[Date "1995.??.??"]
[Round "1"]
[White "Umanskaya, Irina"]
[Black "Stepovaya, Tatiana"]
[Result "0-1"]
[WhiteElo "2345"]
[BlackElo "2310"]
[EventDate "1995.??.??"]
[PlyCount "154"]

1.d4 f5 2.g3 e6 3.Bg2 Nf6 4.c4 d6 5.Nf3 Be7 6.O-O O-O 7.b3 Qe8 8.Bb2 Bd8 
9.Nbd2 Nbd7 10.Qc2 Qg6 11.d5 exd5 12.Nh4 Qf7 13.Nxf5 dxc4 14.Nxc4 Nc5 15.
Nce3 a5 16.Bd4 Ne6 17.Bc3 Qg6 18.Nd4 Nxd4 19.Bxd4 Qxc2 20.Nxc2 Re8 21.Ne3 
c6 22.Rac1 d5 23.Rc2 Ng4 24.Nxg4 Bxg4 25.Re1 Bf5 26.Rcc1 Be7 27.Bc5 Bf6 
28.Ba3 Bg5 29.e3 a4 30.Bc5 axb3 31.axb3 Bf6 32.e4 dxe4 33.Bf1 g5 34.Be3 
Kg7 35.b4 Be6 36.b5 Bd5 37.bxc6 bxc6 38.Rb1 h5 39.Rb7+ Kg6 40.Reb1 Ra1 41.
Rxa1 Bxa1 42.h3 Be5 43.Ba6 Ra8 44.Ra7 Rxa7 45.Bxa7 Bd6 46.Bb7 Kf6 47.Be3 
Be7 48.Kf1 Ke5 49.Ba6 Be6 50.Kg2 c5 51.Be2 Bf7 52.f3 c4 53.Kf2 Kd5 54.Ke1 
c3 55.Kd1 exf3 56.Bxf3+ Kc4 57.Be4 Be6 58.Kc2 Bf6 59.h4 gxh4 60.gxh4 Bxh4 
61.Bg6 Bg4 62.Bd3+ Kb4 63.Bd4 Be1 64.Bf6 Be6 65.Be7+ Ka4 66.Kd1 Bg3 67.
Bc2+ Bb3 68.Bxb3+ Kxb3 69.Bg5 h4 70.Ke2 h3 71.Kf1 Be1 72.Bf6 c2 73.Bg5 Kc3
74.Bf6+ Kd3 75.Bb2 Bc3 76.Bc1 Bd4 77.Ba3 Ke4 0-1

[Event "zonal 1.6 (w)"]
[Site "Oryol RUS"]
[Date "1995.??.??"]
[Round "2"]
[White "Kulish, Irina"]
[Black "Kovalevskaya, Ekaterina"]
[Result "1/2-1/2"]
[WhiteElo "2245"]
[BlackElo "2370"]
[EventDate "1995.??.??"]
[PlyCount "61"]

1.e4 c5 2.c3 d6 3.d4 Nf6 4.dxc5 Nc6 5.Qc2 dxc5 6.Bf4 g6 7.a4 Bg7 8.Na3 O-O
9.Rd1 Bd7 10.Nf3 Qc8 11.Nc4 Be6 12.h3 h6 13.Be2 b6 14.O-O Qb7 15.Rfe1 Rad8
16.Rxd8 Rxd8 17.Bf1 a6 18.Ncd2 Na5 19.b4 cxb4 20.cxb4 Nc6 21.b5 axb5 22.
axb5 Na5 23.Qc7 Rc8 24.Qxb7 Nxb7 25.Nd4 Bd7 26.Nc4 Nh5 27.Be3 Bxd4 28.Bxd4
Bxb5 29.Nxb6 Rd8 30.Be3 Bxf1 31.Kxf1 1/2-1/2

[Event "zonal 1.6 (w)"]
[Site "Oryol RUS"]
[Date "1995.??.??"]
[Round "2"]
[White "Minogina, Tamara"]
[Black "Roschina, Tatiana"]
[Result "1/2-1/2"]
[WhiteElo "2240"]
[BlackElo "2190"]
[EventDate "1995.??.??"]
[PlyCount "69"]

1.d4 d5 2.c4 Nc6 3.cxd5 Qxd5 4.Nf3 e5 5.Nc3 Bb4 6.Bd2 Bxc3 7.Bxc3 e4 8.Ne5
Nge7 9.e3 Nxe5 10.dxe5 O-O 11.b3 Be6 12.Qc2 Bg4 13.h3 Bh5 14.Rc1 Rfe8 15.
Qb1 Rad8 16.g4 Bg6 17.Qb2 b5 18.Bd4 a6 19.a4 bxa4 20.Bc4 Qb7 21.bxa4 Qxb2 
22.Bxb2 Rb8 23.Bc3 Nc6 24.Bxa6 Nxe5 25.Bxe5 Rxe5 26.Rxc7 f5 27.Bc4+ Kh8 
28.O-O fxg4 29.hxg4 Be8 30.Ra7 Rb4 31.Bf7 Rxa4 32.Rxa4 Bxa4 33.Ra1 Bc6 34.
Rc1 Bd7 35.Rd1 1/2-1/2

[Event "zonal 1.6 (w)"]
[Site "Oryol RUS"]
[Date "1995.??.??"]
[Round "2"]
[White "Shumiakina, Tatiana"]
[Black "Strutinskaya, Galina"]
[Result "1-0"]
[WhiteElo "2350"]
[BlackElo "2290"]
[EventDate "1995.??.??"]
[PlyCount "55"]

1.d4 e6 2.c4 b6 3.Nc3 Bb7 4.Qc2 Bb4 5.e3 f5 6.f3 Qh4+ 7.g3 Qe7 8.Bg2 Bxc3+
9.Qxc3 Nf6 10.Ne2 d6 11.Qc2 O-O 12.O-O Nbd7 13.e4 c5 14.exf5 exf5 15.Bf4 
Nh5 16.Rae1 Qf6 17.Bc1 Qf7 18.g4 Nhf6 19.Qxf5 cxd4 20.Nxd4 Qxc4 21.Ne6 
Rfe8 22.b3 Qc6 23.Qg5 g6 24.Qh6 Re7 25.Nd4 Rxe1 26.Nxc6 Rxf1+ 27.Bxf1 Bxc6
28.Qf4 1-0

[Event "zonal 1.6 (w)"]
[Site "Oryol RUS"]
[Date "1995.??.??"]
[Round "2"]
[White "Stepovaya, Tatiana"]
[Black "Zaitseva, Ludmila"]
[Result "1/2-1/2"]
[WhiteElo "2310"]
[BlackElo "2320"]
[EventDate "1995.??.??"]
[PlyCount "79"]

1.e4 c6 2.d4 d5 3.Nd2 dxe4 4.Nxe4 Nf6 5.Nxf6+ exf6 6.Be3 Bd6 7.Bd3 Nd7 8.
c3 O-O 9.Qc2 g6 10.Ne2 Re8 11.O-O-O Nf8 12.Kb1 b5 13.h4 Be6 14.Nc1 Bd5 15.
Bf1 a5 16.h5 a4 17.hxg6 fxg6 18.Bh6 Qd7 19.Rh3 Qf7 20.Bxf8 Bxf8 21.f4 Be6 
22.Rh2 Bg4 23.Be2 Rxe2 24.Nxe2 Re8 25.Nc1 Bxd1 26.Qxd1 Re3 27.Rh3 Rxh3 28.
gxh3 Qd5 29.Qd3 Bd6 30.Ne2 a3 31.Qe3 Kf7 32.b3 Qg2 33.Kc1 Qf1+ 34.Kc2 Qa1 
35.Nc1 Qb2+ 36.Kd1 Qg2 37.Ne2 Qf1+ 38.Kc2 Qa1 39.Nc1 Qb2+ 40.Kd1 1/2-1/2

[Event "zonal 1.6 (w)"]
[Site "Oryol RUS"]
[Date "1995.??.??"]
[Round "2"]
[White "Umanskaya, Irina"]
[Black "Styazhkina, Olga"]
[Result "1/2-1/2"]
[WhiteElo "2345"]
[BlackElo "2355"]
[EventDate "1995.??.??"]
[PlyCount "95"]

1.d4 d5 2.c4 e6 3.Nc3 c6 4.Nf3 Nf6 5.Bg5 h6 6.Bxf6 Qxf6 7.e3 Nd7 8.Bd3 
dxc4 9.Bxc4 Bd6 10.O-O Qe7 11.e4 e5 12.d5 Nb6 13.dxc6 bxc6 14.Be2 O-O 15.
Qc2 Be6 16.Rfd1 Rfd8 17.Na4 Nxa4 18.Qxa4 Rab8 19.Qc2 Qc7 20.b3 a5 21.Rac1 
c5 22.Rd2 Rb6 23.Rcd1 Ra8 24.Bc4 Bg4 25.Rd3 Be7 26.h3 Bc8 27.Bd5 Ra7 28.
Nd2 a4 29.Nc4 axb3 30.axb3 Rba6 31.Qc3 Bf6 32.Rf3 Qb8 33.Ne3 Qb4 34.Nc2 
Qb6 35.Bc4 Ra5 36.Ne3 Be6 37.Bxe6 Qxe6 38.Nc4 R5a6 39.Rfd3 Re7 40.Rd6 Rxd6
41.Rxd6 Qc8 42.Rd5 Qc7 43.Ne3 Qb7 44.Ng4 Bg5 45.Qd3 Qb4 46.Nh2 Bf6 47.Nf3 
Rb7 48.Qe3 1/2-1/2

[Event "zonal 1.6 (w)"]
[Site "Oryol RUS"]
[Date "1995.??.??"]
[Round "3"]
[White "Kovalevskaya, Ekaterina"]
[Black "Umanskaya, Irina"]
[Result "1/2-1/2"]
[WhiteElo "2370"]
[BlackElo "2345"]
[EventDate "1995.??.??"]
[PlyCount "56"]

1.e4 c5 2.Nf3 e6 3.b3 Nf6 4.e5 Nd5 5.c4 Nc7 6.Bb2 Nc6 7.g3 Be7 8.Bg2 O-O 
9.O-O d6 10.exd6 Qxd6 11.Nc3 Qd8 12.Na4 Bd7 13.d4 cxd4 14.Nxd4 Nxd4 15.
Qxd4 Bf6 16.Qf4 Bxb2 17.Nxb2 Qc8 18.Rfd1 Na6 19.Rd6 Nb8 20.Rad1 Bc6 21.Qg5
Qc7 22.Bxc6 Nxc6 23.Rd7 Qc8 24.Na4 e5 25.R1d6 h6 26.Qh5 Nb8 27.Re7 Nc6 28.
Red7 Nb8 1/2-1/2

[Event "zonal 1.6 (w)"]
[Site "Oryol RUS"]
[Date "1995.??.??"]
[Round "3"]
[White "Roschina, Tatiana"]
[Black "Shumiakina, Tatiana"]
[Result "0-1"]
[WhiteElo "2190"]
[BlackElo "2350"]
[EventDate "1995.??.??"]
[PlyCount "122"]

1.e4 c5 2.Nf3 Nc6 3.d4 cxd4 4.Nxd4 e5 5.Nb5 d6 6.c4 Be7 7.N1c3 a6 8.Na3 
Be6 9.Nc2 Bg5 10.Be2 Bxc1 11.Rxc1 Nf6 12.O-O O-O 13.Qd3 Qb8 14.Rfd1 Rd8 
15.Nd5 Bxd5 16.cxd5 Ne7 17.Ne3 Rc8 18.Nc4 Qc7 19.Qe3 Qd8 20.b4 Rc7 21.Bd3 
Rac8 22.g3 g6 23.Kg2 b5 24.Na5 Nexd5 25.exd5 Nxd5 26.Qe4 Rxc1 27.Rxc1 Rxc1
28.Qxd5 Qc7 29.Be4 Kg7 30.Nb7 Qc4 31.Nxd6 Qf1+ 32.Kf3 Rc3+ 33.Kg4 h5+ 34.
Kh4 Qxf2 35.Qxe5+ Qf6+ 36.Qxf6+ Kxf6 37.Bb7 Rc2 38.Kh3 Rxa2 39.Ne4+ Ke5 
40.Nc5 g5 41.g4 Ra3+ 42.Kg2 hxg4 43.Bxa6 Kf4 44.Bxb5 Ra2+ 45.Kg1 g3 46.
hxg3+ Kxg3 47.Ne4+ Kf4 48.Nd6 f6 49.Bc6 Rd2 50.Ne4 Rc2 51.Nc5 f5 52.Bd7 g4
53.Nd3+ Ke4 54.b5 Rd2 55.Nc5+ Kf3 56.Bc6+ Kg3 57.Kf1 Rc2 58.Nd3 f4 59.Be4 
f3 60.b6 Rh2 61.Kg1 Ra2 0-1

[Event "zonal 1.6 (w)"]
[Site "Oryol RUS"]
[Date "1995.??.??"]
[Round "3"]
[White "Styazhkina, Olga"]
[Black "Stepovaya, Tatiana"]
[Result "0-1"]
[WhiteElo "2355"]
[BlackElo "2310"]
[EventDate "1995.??.??"]
[PlyCount "84"]

1.d4 d5 2.Nf3 e6 3.e3 c6 4.c4 Bd6 5.Nc3 Nf6 6.Bd3 Nbd7 7.O-O O-O 8.e4 dxc4
9.Bxc4 e5 10.Be2 h6 11.h3 Re8 12.Be3 b6 13.dxe5 Nxe5 14.Nd4 Bb7 15.Nf5 Bf8
16.f4 Ng6 17.e5 Qxd1 18.Rfxd1 Nd5 19.Nxd5 cxd5 20.Bf3 Red8 21.Rac1 Rac8 
22.g4 Rxc1 23.Rxc1 d4 24.Nxd4 Bc5 25.Bxb7 Bxd4 26.Bxd4 Rxd4 27.f5 Nxe5 28.
Rc8+ Kh7 29.Rc2 f6 30.Kf2 h5 31.gxh5 Kh6 32.Bc8 Rd3 33.Kg2 a5 34.b3 Kxh5 
35.Rc7 Kh6 36.Rb7 Kg5 37.Rxb6 Kf4 38.a4 Rg3+ 39.Kf2 Rxh3 40.Ke2 Re3+ 41.
Kd2 Nf3+ 42.Kc1 Rc3+ 0-1

[Event "zonal 1.6 (w)"]
[Site "Oryol RUS"]
[Date "1995.??.??"]
[Round "3"]
[White "Strutinskaya, Galina"]
[Black "Kulish, Irina"]
[Result "1-0"]
[WhiteElo "2290"]
[BlackElo "2245"]
[EventDate "1995.??.??"]
[PlyCount "119"]

1.d4 Nf6 2.c4 e6 3.g3 d5 4.Nf3 c6 5.Qc2 b6 6.Bf4 Bb7 7.Bg2 Bb4+ 8.Nbd2 
Nbd7 9.a3 Be7 10.O-O O-O 11.Rfd1 Nh5 12.b4 Nxf4 13.gxf4 Bd6 14.e3 f6 15.c5
Bc7 16.Bh3 Qe7 17.a4 a5 18.cxb6 Bxb6 19.bxa5 Bxa5 20.Nb3 Bb4 21.Rdb1 Rfb8 
22.Ra2 c5 23.dxc5 Bxc5 24.Nfd4 Bxd4 25.Nxd4 Nc5 26.Rb6 e5 27.Nc6 Qd6 28.
Nxb8 Qxb6 29.Rb2 Qd6 30.Rb5 Rxb8 31.Qxc5 Qxc5 32.Rxc5 Rd8 33.Be6+ Kh8 34.
fxe5 fxe5 35.Kf1 h6 36.Ke2 Rd6 37.Bf5 Ba6+ 38.Bd3 Bxd3+ 39.Kxd3 Kg8 40.a5 
Kf7 41.Rb5 d4 42.Rxe5 dxe3+ 43.Kxe3 Rd1 44.Rb5 Ra1 45.Kd4 Ra2 46.Kc5 Rxf2 
47.a6 Rxh2 48.Kb6 Ra2 49.a7 Rxa7 50.Kxa7 Kf6 51.Kb6 g5 52.Kc6 g4 53.Kd5 
Kf5 54.Kd4+ Kf4 55.Kd3 Kf3 56.Rf5+ Kg2 57.Ke2 g3 58.Rh5 Kg1 59.Rxh6 g2 60.
Rg6 1-0

[Event "zonal 1.6 (w)"]
[Site "Oryol RUS"]
[Date "1995.??.??"]
[Round "3"]
[White "Zaitseva, Ludmila"]
[Black "Minogina, Tamara"]
[Result "1-0"]
[WhiteElo "2320"]
[BlackElo "2240"]
[EventDate "1995.??.??"]
[PlyCount "80"]

1.d4 d5 2.Nf3 Nf6 3.Bf4 c5 4.e3 Nc6 5.c3 Qb6 6.Qb3 c4 7.Qc2 Bf5 8.Qc1 Rc8 
9.Nbd2 Na5 10.Be2 e6 11.O-O h6 12.Re1 Be7 13.Ne5 Ne4 14.Nxe4 Bxe4 15.Bh5 
g6 16.Bd1 g5 17.Bg3 Qd8 18.Bh5 Rf8 19.f3 Bh7 20.Ng4 Nc6 21.Nxh6 Bf6 22.e4 
dxe4 23.fxe4 Nxd4 24.cxd4 Qxd4+ 25.Bf2 Qxb2 26.Qd1 Qxa1 27.Qa4+ Ke7 28.
Qb4+ Kd7 29.Rxa1 Bxa1 30.Qxb7+ Rc7 31.Qb5+ Kc8 32.Bxf7 Bxe4 33.Bxe6+ Kd8 
34.Bxc4 Rb7 35.Qxg5+ Bf6 36.Qa5+ Kd7 37.Bb5+ Ke6 38.Qa6+ Ke5 39.Bg3+ Kd4 
40.Qa4+ Kc5 1-0

[Event "zonal 1.6 (w)"]
[Site "Oryol RUS"]
[Date "1995.??.??"]
[Round "4"]
[White "Kulish, Irina"]
[Black "Roschina, Tatiana"]
[Result "1-0"]
[WhiteElo "2245"]
[BlackElo "2190"]
[EventDate "1995.??.??"]
[PlyCount "95"]

1.e4 c5 2.Nf3 d6 3.d4 cxd4 4.Nxd4 Nf6 5.Nc3 a6 6.Bc4 e6 7.Bb3 b5 8.O-O Be7
9.Qf3 Qc7 10.Qg3 Nc6 11.Nxc6 Qxc6 12.Re1 O-O 13.Bh6 Ne8 14.Nd5 Bd8 15.a4 
Bb7 16.axb5 axb5 17.Rxa8 Bxa8 18.Nb4 Qb7 19.c3 Kh8 20.Bg5 Bxg5 21.Qxg5 Nf6
22.f3 Qb6+ 23.Qe3 Qxe3+ 24.Rxe3 Nd7 25.Re1 Nc5 26.Bc2 Bb7 27.Kf2 g6 28.Rd1
Rd8 29.e5 d5 30.Ra1 f6 31.exf6 d4 32.Ra5 d3 33.Bd1 Na4 34.Bxa4 bxa4 35.Ke1
d2+ 36.Kd1 h6 37.Re5 Bc8 38.Re2 g5 39.Rxd2 Rxd2+ 40.Kxd2 Kg8 41.Nd3 Kf7 
42.Nc5 Kxf6 43.Nxa4 e5 44.Ke3 Kf5 45.Nc5 Kf6 46.Ke4 Bf5+ 47.Kd5 Bc2 48.b4 
1-0

[Event "zonal 1.6 (w)"]
[Site "Oryol RUS"]
[Date "1995.??.??"]
[Round "4"]
[White "Shumiakina, Tatiana"]
[Black "Zaitseva, Ludmila"]
[Result "1/2-1/2"]
[WhiteElo "2350"]
[BlackElo "2320"]
[EventDate "1995.??.??"]
[PlyCount "31"]

1.d4 e6 2.c4 f5 3.Nc3 Nf6 4.Qc2 Bb4 5.e3 O-O 6.Bd3 b6 7.Ne2 Bb7 8.f3 a5 9.
O-O Na6 10.a3 Bd6 11.Nb5 Be7 12.Bd2 Qe8 13.Nbc3 Bd6 14.Nb5 Be7 15.Nbc3 Bd6
16.Nb5 1/2-1/2

[Event "zonal 1.6 (w)"]
[Site "Oryol RUS"]
[Date "1995.??.??"]
[Round "4"]
[White "Stepovaya, Tatiana"]
[Black "Minogina, Tamara"]
[Result "1/2-1/2"]
[WhiteElo "2310"]
[BlackElo "2240"]
[EventDate "1995.??.??"]
[PlyCount "102"]

1.e4 c5 2.Nc3 Nc6 3.g3 g6 4.d3 Bg7 5.Be3 d6 6.Qd2 Rb8 7.Bg2 b5 8.Nf3 b4 9.
Nd1 Bg4 10.h3 Bxf3 11.Bxf3 a5 12.Bg2 e6 13.f4 Nge7 14.O-O f5 15.Rb1 O-O 
16.Bf2 Qd7 17.Ne3 d5 18.e5 Rfc8 19.g4 Rf8 20.Bh4 Rf7 21.Rbe1 Rff8 22.Rf2 
a4 23.c4 bxc3 24.bxc3 a3 25.Qc1 Qa7 26.Nc2 Ra8 27.c4 Qa5 28.Bxe7 Nxe7 29.
Na1 Rfb8 30.Ree2 Qb4 31.Nb3 Rc8 32.Kh2 Ra7 33.g5 h6 34.h4 hxg5 35.hxg5 Kf7
36.Kg3 Rd7 37.Bf3 dxc4 38.Qxc4 Nd5 39.Bxd5 Rxd5 40.Rf3 Rcd8 41.Qxb4 cxb4 
42.Rd2 Rc8 43.Kf2 Bf8 44.Ke2 Rd7 45.Rh3 Kg8 46.Rh1 Rc3 47.Rc1 Rh7 48.Rxc3 
bxc3 49.Rc2 Rh2+ 50.Kd1 Rh1+ 51.Ke2 Rh2+ 1/2-1/2

[Event "zonal 1.6 (w)"]
[Site "Oryol RUS"]
[Date "1995.??.??"]
[Round "4"]
[White "Styazhkina, Olga"]
[Black "Kovalevskaya, Ekaterina"]
[Result "0-1"]
[WhiteElo "2355"]
[BlackElo "2370"]
[EventDate "1995.??.??"]
[PlyCount "98"]

1.e4 c5 2.c4 Nc6 3.Nc3 g6 4.g3 Bg7 5.Bg2 a6 6.Nge2 b5 7.d3 Rb8 8.O-O d6 9.
f4 Bd7 10.Rb1 b4 11.Nd5 e6 12.Ne3 Nge7 13.f5 exf5 14.exf5 gxf5 15.Nd5 Nxd5
16.Bxd5 O-O 17.Nf4 Ne7 18.Bg2 Bd4+ 19.Kh1 Qc7 20.Qh5 Kh8 21.Nd5 Nxd5 22.
Bxd5 Be6 23.Bg5 Rbe8 24.Rf4 Bxd5+ 25.cxd5 f6 26.Bh6 Qf7 27.Rxf5 Qxh5 28.
Rxh5 Rf7 29.Bf4 Rd7 30.b3 Re2 31.Rd1 Rxa2 32.Re1 Ra1 33.Rxa1 Bxa1 34.Kg2 
a5 35.Rf5 Kg7 36.Bc1 Be5 37.Rf2 a4 38.bxa4 Ra7 39.Bb2 Rxa4 40.Bxe5 fxe5 
41.Kf3 Ra1 42.Ke3 Rb1 43.Ra2 b3 44.Ra7+ Kf6 45.Kd2 b2 46.Kc2 Ra1 47.Rb7 
b1=Q+ 48.Rxb1 Rxb1 49.Kxb1 e4 0-1

[Event "zonal 1.6 (w)"]
[Site "Oryol RUS"]
[Date "1995.??.??"]
[Round "4"]
[White "Umanskaya, Irina"]
[Black "Strutinskaya, Galina"]
[Result "1/2-1/2"]
[WhiteElo "2345"]
[BlackElo "2290"]
[EventDate "1995.??.??"]
[PlyCount "141"]

1.d4 e6 2.c4 Nf6 3.Nc3 d5 4.cxd5 exd5 5.Bg5 Be7 6.e3 Nbd7 7.Bd3 c6 8.Qc2 
O-O 9.Nge2 Re8 10.O-O Nf8 11.f3 Nh5 12.Bxe7 Qxe7 13.e4 dxe4 14.fxe4 Be6 
15.Rae1 Red8 16.Kh1 Rac8 17.e5 Rc7 18.Ne4 Qh4 19.Nd6 Bg4 20.Nf5 Bxf5 21.
Bxf5 g6 22.Bh3 Ng7 23.Ng3 Qxd4 24.Ne4 Qd3 25.Qc1 Rb8 26.Nf6+ Kh8 27.Qf4 
Qd8 28.Rd1 Qe7 29.Rfe1 Rd8 30.Bg4 b6 31.Rxd8 Qxd8 32.Rd1 Qe7 33.Rd3 Ne8 
34.Rf3 Rb7 35.h3 Kg7 36.Nxe8+ Qxe8 37.Qf6+ Kg8 38.Rd3 Re7 39.Kh2 c5 40.Rd6
Nd7 41.Bxd7 Rxd7 42.h4 h5 43.Kg3 Qe7 44.Qxe7 Rxe7 45.Rd8+ Kg7 46.Kf4 f6 
47.exf6+ Kxf6 48.Rd6+ Re6 49.Rd2 b5 50.Rd5 Rc6 51.g4 hxg4 52.Kxg4 a6 53.h5
gxh5+ 54.Rxh5 Ke6 55.Kf4 Kd6 56.Ke4 Kc7 57.Kd3 Rd6+ 58.Kc2 Kc6 59.a3 Rg6 
60.Rh8 a5 61.Rc8+ Kd5 62.Rd8+ Rd6 63.Re8 b4 64.axb4 axb4 65.b3 Kd4 66.Rh8 
Rg6 67.Rd8+ Ke4 68.Rc8 Rg5 69.Re8+ Kd4 70.Rd8+ Rd5 71.Rh8 1/2-1/2

[Event "zonal 1.6 (w)"]
[Site "Oryol RUS"]
[Date "1995.??.??"]
[Round "5"]
[White "Kovalevskaya, Ekaterina"]
[Black "Stepovaya, Tatiana"]
[Result "1-0"]
[WhiteElo "2370"]
[BlackElo "2310"]
[EventDate "1995.??.??"]
[PlyCount "79"]

1.e4 d6 2.d4 Nf6 3.Nc3 g6 4.Nf3 Bg7 5.Be2 c6 6.a4 a5 7.h3 Qc7 8.e5 dxe5 9.
Nxe5 Be6 10.O-O Nbd7 11.Bf4 Qd8 12.Qd2 O-O 13.Rad1 Nb6 14.Bh6 Ne8 15.Bxg7 
Nxg7 16.b3 f6 17.Ng4 Qc7 18.Rfe1 Rad8 19.Ne4 Kh8 20.Nc5 Bxg4 21.Bxg4 Nd5 
22.c4 Nb4 23.Ne6 Nxe6 24.Bxe6 Kg7 25.Qe2 c5 26.d5 Na6 27.Rd3 Rde8 28.h4 
Qf4 29.Bd7 Rb8 30.Re3 Rf7 31.Rxe7 Qd6 32.Rxf7+ Kxf7 33.Bb5 Nc7 34.Qe3 Rf8 
35.Qd2 b6 36.Qh6 Kg8 37.Bc6 Rf7 38.Qe3 Kf8 39.Qg3 Qxg3 40.fxg3 1-0

[Event "zonal 1.6 (w)"]
[Site "Oryol RUS"]
[Date "1995.??.??"]
[Round "5"]
[White "Minogina, Tamara"]
[Black "Shumiakina, Tatiana"]
[Result "1/2-1/2"]
[WhiteElo "2240"]
[BlackElo "2350"]
[EventDate "1995.??.??"]
[PlyCount "90"]

1.d4 d5 2.c4 e6 3.Nf3 c6 4.e3 f5 5.Bd3 Nf6 6.O-O Bd6 7.b3 Qe7 8.Bb2 O-O 9.
Nbd2 b6 10.Ne5 Bb7 11.cxd5 cxd5 12.a3 Ne4 13.Ndf3 Nc6 14.Nxc6 Bxc6 15.Ne5 
Bb7 16.f3 Nf6 17.b4 Rfc8 18.Qe2 a6 19.h3 Nd7 20.g4 Rc7 21.f4 Qh4 22.Qg2 
Bxe5 23.fxe5 fxg4 24.hxg4 Qg5 25.Rf4 Nf8 26.Raf1 Ng6 27.Qh3 Nxf4 28.Qxh7+ 
Kf8 29.Rxf4+ Rf7 30.Bg6 Rxf4 31.Qh8+ Ke7 32.Qxg7+ Kd8 33.exf4 Qxg4+ 34.Kh1
Qh4+ 35.Kg2 Qe7 36.Qh6 Kc7 37.f5 exf5 38.Bxf5 Rf8 39.Bg4 Bc8 40.Bxc8 Kxc8 
41.Qc6+ Kd8 42.Qxb6+ Qc7 43.Qg6 Qc4 44.Qd6+ Ke8 45.Qe6+ Kd8 1/2-1/2

[Event "zonal 1.6 (w)"]
[Site "Oryol RUS"]
[Date "1995.??.??"]
[Round "5"]
[White "Roschina, Tatiana"]
[Black "Umanskaya, Irina"]
[Result "1/2-1/2"]
[WhiteElo "2190"]
[BlackElo "2345"]
[EventDate "1995.??.??"]
[PlyCount "82"]

1.e4 c5 2.Nf3 Nc6 3.d4 cxd4 4.Nxd4 Qc7 5.c4 Nf6 6.Nc3 Nxe4 7.Nxe4 Qe5 8.
Nb5 Qxe4+ 9.Be2 Qe5 10.f4 Qb8 11.O-O a6 12.Nc3 e6 13.f5 Bd6 14.h3 exf5 15.
Rxf5 O-O 16.Bd3 Be5 17.Nd5 d6 18.Rf1 Be6 19.Bg5 f5 20.Kh1 h6 21.Bh4 Bxd5 
22.cxd5 Nd4 23.Bf2 Qc8 24.Bxd4 Bxd4 25.Bxf5 Rxf5 26.Qxd4 Qf8 27.Kg1 Re8 
28.Rae1 Rxf1+ 29.Rxf1 Qe7 30.Qf4 Qe3+ 31.Kh2 Qxf4+ 32.Rxf4 Re5 33.Rd4 Kf7 
34.Rd2 Kf6 35.Kg3 Rf5 36.Kg4 Rf1 37.Re2 Kf7 38.Rc2 Kf6 39.Re2 Kf7 40.Rc2 
Kf6 41.Re2 Kf7 1/2-1/2

[Event "zonal 1.6 (w)"]
[Site "Oryol RUS"]
[Date "1995.??.??"]
[Round "5"]
[White "Strutinskaya, Galina"]
[Black "Styazhkina, Olga"]
[Result "1/2-1/2"]
[WhiteElo "2290"]
[BlackElo "2355"]
[EventDate "1995.??.??"]
[PlyCount "49"]

1.d4 d5 2.c4 e6 3.Nc3 c6 4.Nf3 Nf6 5.Bg5 h6 6.Bxf6 Qxf6 7.e3 Nd7 8.a3 Qd8 
9.Qc2 Be7 10.Bd3 O-O 11.Rd1 b6 12.O-O Ba6 13.Nd2 Nf6 14.b4 Qc7 15.e4 dxe4 
16.Ncxe4 Rfd8 17.Nf3 Rac8 18.Rfe1 c5 19.dxc5 bxc5 20.b5 Bb7 21.a4 Ne8 22.
Nfd2 g6 23.Nb3 f5 24.Nc3 Ng7 25.Bf1 1/2-1/2

[Event "zonal 1.6 (w)"]
[Site "Oryol RUS"]
[Date "1995.??.??"]
[Round "5"]
[White "Zaitseva, Ludmila"]
[Black "Kulish, Irina"]
[Result "1/2-1/2"]
[WhiteElo "2320"]
[BlackElo "2245"]
[EventDate "1995.??.??"]
[PlyCount "62"]

1.d4 Nf6 2.Nf3 e6 3.e3 b6 4.Bd3 Bb7 5.Nbd2 c5 6.O-O Be7 7.b3 O-O 8.Bb2 Nc6
9.a3 Rc8 10.Qe2 d5 11.Rfd1 Qc7 12.Rac1 Rfd8 13.c4 cxd4 14.exd4 dxc4 15.
bxc4 Qf4 16.Nf1 h6 17.d5 exd5 18.cxd5 Rxd5 19.Rc4 Qb8 20.Bxf6 Bxf6 21.Bh7+
Kxh7 22.Rxd5 Na5 23.Rxc8 Qxc8 24.Rd2 Qc5 25.Qd3+ g6 26.Rc2 Qe7 27.N1d2 Kg7
28.h3 h5 29.Nh2 Nc6 30.Nhf3 Na5 31.Nh2 Nc6 1/2-1/2

[Event "zonal 1.6 (w)"]
[Site "Oryol RUS"]
[Date "1995.??.??"]
[Round "6"]
[White "Kovalevskaya, Ekaterina"]
[Black "Strutinskaya, Galina"]
[Result "1/2-1/2"]
[WhiteElo "2370"]
[BlackElo "2290"]
[EventDate "1995.??.??"]
[PlyCount "57"]

1.e4 c5 2.Nf3 d6 3.d4 cxd4 4.Qxd4 Bg4 5.Nc3 a6 6.Be3 Nf6 7.e5 Nc6 8.Qf4 
Nxe5 9.Nxe5 dxe5 10.Qxe5 g6 11.h3 Bd7 12.O-O-O Qb8 13.Qd4 Bc6 14.Na4 Qd8 
15.Nb6 Qxd4 16.Rxd4 Rd8 17.Rxd8+ Kxd8 18.f3 e6 19.Be2 Bg7 20.Rd1+ Kc7 21.
a4 Nd7 22.Nxd7 Bxd7 23.a5 f5 24.Bb6+ Kc8 25.Bc4 Re8 26.Rd3 Bf6 27.b3 h5 
28.Kd1 h4 29.Ke1 1/2-1/2

[Event "zonal 1.6 (w)"]
[Site "Oryol RUS"]
[Date "1995.??.??"]
[Round "6"]
[White "Kulish, Irina"]
[Black "Minogina, Tamara"]
[Result "1-0"]
[WhiteElo "2245"]
[BlackElo "2240"]
[EventDate "1995.??.??"]
[PlyCount "87"]

1.e4 c5 2.Nf3 e6 3.d4 cxd4 4.Nxd4 Nf6 5.Nc3 d6 6.Bc4 a6 7.Bb3 Nc6 8.Be3 
Bd7 9.f4 Nxd4 10.Bxd4 Bc6 11.Qe2 Qa5 12.O-O-O O-O-O 13.Rhf1 Re8 14.e5 Nd5 
15.Ne4 dxe5 16.fxe5 Qc7 17.c4 Nb4 18.Nd6+ Bxd6 19.exd6 Qxd6 20.Bxg7 Qxh2 
21.Bxh8 Rxh8 22.a3 Bxg2 23.axb4 Qh6+ 24.Kb1 Bxf1 25.Qxf1 Qg6+ 26.Bc2 f5 
27.c5 Qf7 28.c6 bxc6 29.Qxa6+ Qb7 30.Qc4 Re8 31.Rd6 Kc7 32.Rxe6 Rxe6 33.
Qxe6 Qxb4 34.Bxf5 Qd4 35.Qc8+ Kb6 36.Qb8+ Ka6 37.Bc8+ Ka5 38.Qc7+ Kb5 39.
Qb7+ Kc5 40.Qa7+ Kd5 41.Qxd4+ Kxd4 42.Kc2 h5 43.Bd7 c5 44.Bh3 1-0

[Event "zonal 1.6 (w)"]
[Site "Oryol RUS"]
[Date "1995.??.??"]
[Round "6"]
[White "Stepovaya, Tatiana"]
[Black "Shumiakina, Tatiana"]
[Result "1/2-1/2"]
[WhiteElo "2310"]
[BlackElo "2350"]
[EventDate "1995.??.??"]
[PlyCount "32"]

1.e4 c5 2.c3 Nf6 3.e5 Nd5 4.Nf3 Nc6 5.d4 cxd4 6.cxd4 d6 7.Bc4 Nb6 8.Bb5 
dxe5 9.Nxe5 Bd7 10.Nxd7 Qxd7 11.Nc3 e6 12.Qg4 h5 13.Qf3 a6 14.Bxc6 Qxc6 
15.Qxc6+ bxc6 16.Ke2 Kd7 1/2-1/2